<?xml version="1.0" encoding="UTF-8"?>
<record
    xmlns:xsi="http://www.w3.org/2001/XMLSchema-instance"
    xsi:schemaLocation="http://www.loc.gov/MARC21/slim http://www.loc.gov/standards/marcxml/schema/MARC21slim.xsd"
    xmlns="http://www.loc.gov/MARC21/slim">

  <leader>00915nac a22001331u 4500</leader>
  <controlfield tag="008">090318t        xxu||||| |||| 00| 0 eng d</controlfield>
  <datafield tag="082" ind1=" " ind2=" ">
    <subfield code="a">323.4 &#x62D; &#x642; &#x648;</subfield>
  </datafield>
  <datafield tag="111" ind1=" " ind2=" ">
    <subfield code="a">&#x627;&#x644;&#x645;&#x644;&#x62A;&#x642;&#x649; &#x627;&#x644;&#x639;&#x627;&#x644;&#x645;&#x64A; &#x627;&#x644;&#x62B;&#x627;&#x644;&#x62B; &#x62D;&#x648;&#x644; &#x641;&#x643;&#x631; &#x645;&#x639;&#x645;&#x631; &#x627;&#x644;&#x642;&#x630;&#x627;&#x641;&#x64A; &#x627;&#x644;&#x643;&#x62A;&#x627;&#x628; &#x627;&#x644;&#x623;&#x62E;&#x636;&#x631;. &#x627;&#x644;&#x62F;&#x64A;&#x645;&#x642;&#x631;&#x627;&#x637;&#x64A;&#x629; &#x648;&#x62D;&#x642;&#x648;&#x642; &#x627;&#x644;&#x625;&#x646;&#x633;&#x627;&#x646;</subfield>
    <subfield code="c">&#x637;&#x631;&#x627;&#x628;&#x644;&#x633;&#x60C; &#x644;&#x64A;&#x628;&#x64A;&#x627;</subfield>
    <subfield code="d">30 &#x623;&#x643;&#x62A;&#x648;&#x628;&#x631;-3 &#x646;&#x648;&#x641;&#x645;&#x628;&#x631; 1994</subfield>
    <subfield code="9">21945</subfield>
  </datafield>
  <datafield tag="245" ind1=" " ind2=" ">
    <subfield code="a">&#x62D;&#x642;&#x648;&#x642; &#x627;&#x644;&#x625;&#x646;&#x633;&#x627;&#x646;: &#x625;&#x634;&#x643;&#x627;&#x644;&#x64A;&#x629; &#x627;&#x644;&#x62A;&#x62F;&#x648;&#x64A;&#x644; &#x648;&#x627;&#x644;&#x62E;&#x635;&#x648;&#x635;&#x64A;&#x629; .&#x62C;2 :</subfield>
    <subfield code="b">&#x627;&#x644;&#x645;&#x644;&#x62A;&#x642;&#x649; &#x627;&#x644;&#x639;&#x644;&#x645;&#x64A; &#x627;&#x644;&#x62B;&#x627;&#x644;&#x62B; &#x62D;&#x648;&#x644; &#x641;&#x643;&#x631; &#x645;&#x639;&#x645;&#x631; &#x627;&#x644;&#x642;&#x630;&#x627;&#x641;&#x64A; &#x627;&#x644;&#x643;&#x62A;&#x627;&#x628; &#x627;&#x644;&#x623;&#x62E;&#x636;&#x631;: 30 &#x623;&#x643;&#x62A;&#x648;&#x628;&#x631;- 3 &#x646;&#x648;&#x641;&#x645;&#x628;&#x631; 1994 &#x60C; &#x637;&#x631;&#x627;&#x628;&#x644;&#x633;&#x60C; &#x644;&#x64A;&#x628;&#x64A;&#x627;</subfield>
  </datafield>
  <datafield tag="260" ind1=" " ind2=" ">
    <subfield code="a">&#x637;&#x631;&#x627;&#x628;&#x644;&#x633; :</subfield>
    <subfield code="b">&#x645;&#x646;&#x634;&#x648;&#x631;&#x627;&#x62A; &#x627;&#x644;&#x645;&#x631;&#x643;&#x632; &#x627;&#x644;&#x639;&#x627;&#x644;&#x645;&#x64A; &#x644;&#x62F;&#x631;&#x627;&#x633;&#x627;&#x62A; &#x648;&#x623;&#x628;&#x62D;&#x627;&#x62B; &#x627;&#x644;&#x643;&#x62A;&#x627;&#x628; &#x627;&#x644;&#x623;&#x62E;&#x636;&#x631; &#x60C; 1995</subfield>
    <subfield code="c">1995</subfield>
  </datafield>
  <datafield tag="300" ind1=" " ind2=" ">
    <subfield code="a">319 &#x635; &#x61B;</subfield>
    <subfield code="c">24 &#x633;&#x645;</subfield>
  </datafield>
  <datafield tag="650" ind1=" " ind2=" ">
    <subfield code="a">&#x62D;&#x642;&#x648;&#x642; &#x627;&#x644;&#x625;&#x646;&#x633;&#x627;&#x646;</subfield>
    <subfield code="9">8073</subfield>
  </datafield>
  <datafield tag="942" ind1=" " ind2=" ">
    <subfield code="c">BB</subfield>
    <subfield code="k">323.4 &#x62D; &#x642; &#x648;</subfield>
    <subfield code="2">ddc</subfield>
  </datafield>
  <datafield tag="999" ind1=" " ind2=" ">
    <subfield code="c">6740</subfield>
    <subfield code="d">6740</subfield>
  </datafield>
  <datafield tag="952" ind1=" " ind2=" ">
    <subfield code="0">0</subfield>
    <subfield code="1">0</subfield>
    <subfield code="2">ddc</subfield>
    <subfield code="4">0</subfield>
    <subfield code="7">0</subfield>
    <subfield code="8"> </subfield>
    <subfield code="a">MAIN</subfield>
    <subfield code="b">MAIN</subfield>
    <subfield code="c">1ST</subfield>
    <subfield code="d">2011-01-12</subfield>
    <subfield code="e">purchase</subfield>
    <subfield code="l">2</subfield>
    <subfield code="o">323.4 &#x62D; &#x642; &#x648;</subfield>
    <subfield code="p">000008392</subfield>
    <subfield code="q">2023-05-20</subfield>
    <subfield code="r">2023-05-13 00:00:00</subfield>
    <subfield code="s">2023-05-13</subfield>
    <subfield code="y">BB</subfield>
  </datafield>
</record>
